00228nam a2200085Ia 4500008004100000041000800041100001300049245004400062260003600106231107s1977 xx 000 0 und d aeng aRossi A. aGA 45;housing at the Gallarates quarter aTokyobA.D.A. Editta pub.c1977